Statistiche per Classifica Marcatori Sampdoria All-Time

Clicka qui per fare il quiz!

Statistiche generali

  • Questo quiz è stato fatto 28 volte
  • Il punteggio medio è 4 su 10

Statistiche sulle risposte

GolNazioneCalciatore% Corretto
141ItaliaGianluca Vialli
100%
171ItaliaRoberto Mancini
100%
106ItaliaFabio Quagliarella
77%
52ItaliaManolo Gabbiadini
45%
110ItaliaFrancesco Flachi
41%
66ItaliaVincenzo Montella
27%
92ItaliaAdriano Bassetto
5%
52Sudafrica / ItalianoEddie Firmani
5%
55ItaliaGiancarlo Salvi
5%
71ItaliaGiuseppe Baldini
5%

Distribuzione punteggi

Percentile per numero di risposta

Percentuale di utenti per punteggio

I tuoi punteggi nel tempo

Non hai fatto questo quiz